• 首页
  • 本馆介绍
  • 公告通知
  • 最新文献
  • 馆藏检索
  • 电子资源
  • 读者导购
  • 参考咨询
  • 我的图书馆
  • 登录
  • 详细信息显示
  • 放入我的书架
  • 预约/预借图书
  • 作者相关作品
  • 分类相关作品
  • 丛书相关作品
  • 出版社相关作品

书目信息

  • 表格格式
  • 工作单格式
  • 卡片格式
题名:
建筑工程造价
    
 
作者: 方金强 , 仝彩霞 , 付清泉 主编
分册:  
出版信息: 上海   同济大学出版社  2020.8
页数: 324页
开本: 26cm
丛书名:
单 册:
中图分类: TU723.3
科图分类:
主题词: 建筑工程--工程造价
电子资源:
ISBN: 978-7-5608-7660-3
000 00963nam0 2200253 45
001 012001001285
005 20140913134353.0
010    @a978-7-5608-7660-3@dCNY56.00
100    @a20181030d2018 em y0chiy0110 ea
101 0  @achi
102    @aCN@b310000
105    @ay z 000yy
106    @ar
200 1  @a建筑工程造价@Ajian zhu gong cheng zao jia@f方金强,仝彩霞,付清泉主编
210    @a上海@c同济大学出版社@d2020.8
215    @a324页@d26cm
330    @a本教材主要内容包括:建筑工程的建设程序、建筑工程造价确定的原理、建筑工程造价的构成、建筑工程造价的审查与管理等。本书可供建筑工程设计、施工、建设、造价咨询、造价审计、造价管理等专业人员岗位培训和初学者使用,也可供高等院校相关专业师生学习时参考。
606 0  @a建筑工程@x工程造价
690    @aTU723.3@v5
701  0 @a方金强@Afang jin qiang@4主编
701  0 @a仝彩霞@Atong cai xia@4主编
701  0 @a付清泉@Afu qing quan@4主编
801  0 @aCN@bBJSDL@c20211011
905    @b1333774-7@dTU723.3@e1907@f4
    
    建筑工程造价/方金强,仝彩霞,付清泉主编.-上海:同济大学出版社,2020.8
    324页;26cm
    
    
    ISBN 978-7-5608-7660-3:CNY56.00
    本教材主要内容包括:建筑工程的建设程序、建筑工程造价确定的原理、建筑工程造价的构成、建筑工程造价的审查与管理等。本书可供建筑工程设计、施工、建设、造价咨询、造价审计、造价管理等专业人员岗位培训和初学者使用,也可供高等院校相关专业师生学习时参考。
●
相关链接 在E读中查询图书 在五车中查询图书 在当当中查询图书 在豆瓣中查询图书


正题名:建筑工程造价     索取号:TU723.3/1907         预约/预借

序号 登录号 条形码 馆藏地/架位号 状态 备注
1 1333774   213337744   第二样本阅览室/ [索取号:TU723.3/1907] 在馆    
2 1333775   213337753   第三借阅区/ [索取号:TU723.3/1907] 在馆    
3 1333776   213337762   第三借阅区/ [索取号:TU723.3/1907] 在馆    
4 1333777   213337771   第三借阅区/ [索取号:TU723.3/1907] 在馆    
唐山师范学院图书馆 欢迎您!
大连网信软件有限公司© 版权所有